| 000 | 01007nam a2200313Ia 4500 | ||
|---|---|---|---|
| 001 | Para_7245 | ||
| 003 | CHAP | ||
| 008 | 220125s1882 xx 000 0 und d | ||
| 010 | _a206131 | ||
| 040 | _cCHAP | ||
| 082 | _aPA-C 636.08 B85 | ||
| 100 |
_aFernández, Emilio _940331 |
||
| 245 |
_aLa cría de los becerros / _c por Emilio Fernández |
||
| 260 |
_aMéxico : _b El autor |
||
| 300 | _a60 p. | ||
| 440 |
_aSerie veterinaria; 4 _9172316 |
||
| 500 | _aTesis (Médico Veterinario) Escuela Nacional de Agricultura y Veterinaria. Encuadernado con otros impresos similares. | ||
| 650 |
_aBecerros _x alimentación _911172 |
||
| 650 |
_aBecerros _x crecimiento _911177 |
||
| 650 |
_aGanado _x colecciones de escritos _9172274 |
||
| 710 |
_aEscuela Nacional de Agricultura y Veterinaria _9172317 |
||
| 901 | _aPA-C 636.08 B85 | ||
| 902 | _aA | ||
| 905 | _a0000001882 0000000000 00 | ||
| 910 | _a1882 | ||
| 942 | _cPARA | ||
| 942 |
_cPARA _d1 |
||
| 999 |
_c206131 _d206131 |
||